000 00624nam a2200229Ia 4500
005 20250425162314.0
008 250425s9999 xx 000 0 und d
020 _a0070791724
041 _aspa
082 _a603
100 _aCOLLAZO, JAVIER L.
245 0 _aDICCIONARIO ENCICLOPEDICO DE TERMINOS TECNICOS INGLES-ESPAÑOL ESPAÑOL-INGLES: O-Z (VOLUMEN 2)
250 _a1A ED.
260 _aMEXICO
260 _aMéxico
_bMCGRAW HILL
_c1980
300 _a1787
650 _aDICCIONARIOS ESPAÑOL-INGLES
650 _aDICCIONARIOS INGLES-ESPAÑOL
650 _aTERMINOLOGIA
942 _c01
010 _a60468
999 _c226483
_d226483